| 000 | 01517nam a2200289 i 4500 | ||
|---|---|---|---|
| 001 | 53519 | ||
| 003 | ES-MaACL | ||
| 005 | 20230906162800.0 | ||
| 007 | t| | ||
| 008 | 951002s1884 sp |||| | spa d | ||
| 040 |
_aCAM _bspa _cCAM |
||
| 245 | 0 | 0 | _aExtravagantes opúsculos amenos y curiosos de ilustres autores. |
| 260 |
_aBarcelona : _bDaniel Cortezo, _c1884. |
||
| 300 |
_aVII, 9-274 p. ; _c21 cm. |
||
| 490 | 1 | _aBiblioteca clásica española | |
| 505 | 8 |
_aContiene: ; _tDiálogos de apacible entretenimiento / _rpor Gaspar Lucas Hidalgo. -- _tCartas de Don Juan de la Sal, Obispo de Bona, al Duque de Medinasidonia ; _tTractado de las tres grandes, conviene a saber, de la gran parlería, de la gran porfía y de la gran risa / _rpor Francisco de Villalobos. -- _tDeclaración puesta a la postrera cena y capítulo de la comedia El Anfitrión / _rpor Francisco de Villalobos. -- _tLos tres maridos burlados / _rpor Tirso de Molina. -- _tHistoria del abencerraje y la hermosa Jarifa / _rpor Antonio de Villegas |
|
| 700 | 1 |
_aHidalgo, Gaspar Lucas. _963569 |
|
| 700 | 1 |
_aVillalobos, Francisco de. _9114956 |
|
| 700 | 1 |
_aMolina, Tirso de, _d1579-1648 _9226522 |
|
| 700 | 1 |
_aVillegas, Antonio de. _9115201 |
|
| 740 | 0 | 2 | _aCartas de Don Juan de la Sal, Obispo de Bona, al Duque de Medinasidonia. |
| 740 | 4 | 2 | _aLos tres maridos burlados. |
| 740 | 3 | 2 | _aEl abencerraje y la hermosa Jarifa. |
| 830 | 0 |
_aBiblioteca clásica española _9182443 |
|
| 852 |
_aES-MaACL _jB-747 |
||
| 999 |
_c53519 _d53519 |
||